Countries By The Distance Between Two Largest Cities - Statistics

General Stats
  • This quiz has been taken 87 times
  • The average score is 15 of 20
Answer Stats
Largest city 2nd largest city Distance km Country Distance miles % Correct
New York Los Angeles 3935.74 United States 2445.56
100%
Shanghai Beijing 1068.26 China 663.79
95%
Mumbai Delhi 1150.71 India 715.02
93%
Sydney Melbourne 714.94 Australia 444.24
91%
Mexico City Tijuana 2294.31 Mexico 1425.62
91%
Johannesburg Cape Town 1262.23 South Africa 784.31
85%
Tehran Mashhad 735.82 Iran 457.22
84%
Kinshasa Lubumbashi 1566.55 Democratic Republicof the Congo 973.41
82%
Almaty Astana 972.83 Kazakhstan 604.49
81%
Paris Marseille 660.54 France 410.44
80%
Karachi Lahore 1034.72 Pakistan 642.95
80%
Lima Arequipa 764.82 Peru 475.24
77%
Riyad Jeddah 845.00 Saudi Arabia 525.06
76%
Auckland Christchurch 764.62 New Zealand 475.11
72%
Lagos Kano 834.05 Nigeria 518.25
72%
Ho Chi Minh Hanoi 1137.47 Vietnam 706.79
69%
Luanda Lubango 676.94 Angola 420.63
65%
Dar es Salaam Mwanza 850.66 Tanzania 528.57
49%
Weno Palikir 698.05 Micronesia 433.75
28%
Havana Santiago de Cuba 761.01 Cuba 472.87
23%
No matching quizzes found
Score Distribution
Percent of People with Each Score
Percentile by Number Answered
Your Score History
You have not taken this quiz